| 000 | 01403nam a22003257a 4500 | ||
|---|---|---|---|
| 003 | OSt | ||
| 005 | 20230616100946.0 | ||
| 008 | 221006b |||||||| |||| 00| 0 eng d | ||
| 040 | _cBiblioteca Lado V | ||
| 082 |
_a709.05 _bG851a |
||
| 100 |
_9855 _aGriffin, Tim _eeditor |
||
| 245 |
_aArtforum/ _bInternacional/ |
||
| 260 |
_aNew York _c1997 _bNew York editorial and business offices |
||
| 300 |
_c26.5x27cm _a120p. |
||
| 366 | _eeng | ||
| 490 |
_aEnero _v1997 _x0864-1315 |
||
| 505 | _tLetters | ||
| 505 |
_tCOLUMNS _aPassages Books Hot List After Words Preview: The Whitney Biennial Spin Cycle Real Life Rock |
||
| 505 |
_tFEATURES _aArt in Residence Name Games: The Art of Bertrand Lavier Critical Reflections Flash Track: Craig McDean Photographs Jil Sander Body Work Openings: Pierre Huyghe |
||
| 505 | _tREVIEWS | ||
| 650 |
_2Tesauro de Arte & Arquitectura _aARTE COMTEMPORANEO _9703 |
||
| 650 |
_2Tesauro de Arte & Arquitectura _aFOTOGRAFIA _9702 |
||
| 650 |
_2Tesauro de Arte & Arquitectura _aARTE VISUAL _9702 |
||
| 650 |
_2Tesauro de Arte & Arquitectura _aLIBROS |
||
| 650 |
_2Tesauro de Arte & Arquitectura _aNOTICIAS |
||
| 650 |
_2 Tesauro de Arte & Arquitectura _aARTE INTERNACIONAL |
||
| 650 |
_2 Tesauro de Arte & Arquitectura _aESCULTURA |
||
| 700 |
_aNavarreta, Jose Antonio _eeditor |
||
| 942 |
_2ddc _c1 _h709.05 _iG851a _n0 |
||
| 999 |
_c3853 _d3853 |
||